A Glimpes of Wonderful Turkey / (Record no. 28798)
[ view plain ]
| 000 -LEADER | |
|---|---|
| fixed length control field | 00679nam a22002537a 4500 |
| 001 - CONTROL NUMBER | |
| control field | 28798 |
| 003 - CONTROL NUMBER IDENTIFIER | |
| rucl marc code | BD-RjUL |
| 005 - DATE AND TIME OF LATEST TRANSACTION | |
| control field | 20211209051330.0 |
| 008 - FIXED-LENGTH DATA ELEMENTS--GENERAL INFORMATION | |
| fixed length control field | 140401s2005 bg |||| |||| 000 0 eng d |
| 020 ## - INTERNATIONAL STANDARD BOOK NUMBER | |
| International Standard Book Number | 9848683097 |
| 035 ## - SYSTEM CONTROL NUMBER | |
| System control number | (BD-RjUL)28880 |
| 040 ## - CATALOGING SOURCE | |
| Original cataloging agency | BD-RjUL |
| Language of cataloging | eng |
| Transcribing agency | BD-RjUL |
| 041 ## - LANGUAGE CODE | |
| Language code of text/sound track or separate title | eng |
| 082 ## - DEWEY DECIMAL CLASSIFICATION NUMBER | |
| Author mark and year | QUG 2005 |
| Classification number | 915.61 |
| 100 1# - MAIN ENTRY--PERSONAL NAME | |
| Personal name | Qureshi, R.D |
| 9 (RLIN) | 88064 |
| 245 12 - TITLE STATEMENT | |
| Title | A Glimpes of Wonderful Turkey / |
| Statement of responsibility, etc. | R.D Qureshi |
| 250 ## - EDITION STATEMENT | |
| Edition statement | Rev. ed. |
| 260 ## - PUBLICATION, DISTRIBUTION, ETC. (IMPRINT) | |
| Place of publication, distribution, etc. | Dhaka : |
| Name of publisher, distributor, etc. | Anyaprokash, |
| Date of publication, distribution, etc. | 2005. |
| 300 ## - PHYSICAL DESCRIPTION | |
| Pagination | 78 p. : |
| Illustrations | ill. ; |
| Size | 22cm. |
| 650 #7 - SUBJECT ADDED ENTRY--TOPICAL TERM | |
| Source of heading or term | SLSH |
| 9 (RLIN) | 88065 |
| 651 ## - SUBJECT ADDED ENTRY--GEOGRAPHIC NAME | |
| Geographic name | Turkey |
| General subdivision | Guiedbooks |
| 9 (RLIN) | 88066 |
| Geographic name | Turkey |
| General subdivision | Description and Travel |
| 9 (RLIN) | 88076 |
| 942 ## - ADDED ENTRY ELEMENTS (KOHA) | |
| Source of classification or shelving scheme | Dewey Decimal Classification |
| Koha item type | Books |
| Lost status | Source of classification or shelving scheme | Damaged status | Not for loan | Collection code | Permanent Location | Current Location | Shelving location | Date acquired | Source of acquisition | Cost, normal purchase price | Total Checkouts | Full call number | Date last seen | Copy number | Koha item type |
|---|---|---|---|---|---|---|---|---|---|---|---|---|---|---|---|
| Dewey Decimal Classification | Non-fiction | Central Library, University of Rajshahi | Central Library, University of Rajshahi | 21/04/2007 | Gift Gaman Embasi | 700.00 | 915.61 QUG 2005 | 01/04/2014 | C-3 | Books | |||||
| Dewey Decimal Classification | Non-fiction | Central Library, University of Rajshahi | Central Library, University of Rajshahi | 21/04/2007 | Japan Foundation | 100.00 | 915.61 QUG 2005 | 03/04/2014 | C-5 | Books | |||||
| Dewey Decimal Classification | Non-fiction | Central Library, University of Rajshahi | Central Library, University of Rajshahi | 21/04/2007 | Japan Foundation | 100.00 | 915.61 QUG 2005 | 03/04/2014 | C-4 | Books | |||||
| Dewey Decimal Classification | Non-fiction | Central Library, University of Rajshahi | Central Library, University of Rajshahi | 21/04/2007 | Zeitlinger | 915.61 QUG 2005 | 26/11/2016 | C-2 | Books | ||||||
| Dewey Decimal Classification | Not For Loan | Non-fiction | Central Library, University of Rajshahi | Central Library, University of Rajshahi | Reading Room | 21/04/2007 | Japan Foundation | 100.00 | 915.61 QUG 2005 | 15/02/2017 | C-1 | Books |